Contextualizing networked individualism: the interplay of social categories, role relationships and tasks /
Na minha lista:
| Autor principal: | |
|---|---|
| Formato: | Texto |
| Tags: |
Adicionar Tag
Sem tags, seja o primeiro a adicionar uma tag!
|
MARC
| LEADER | 00000 a a2200000 04500 | ||
|---|---|---|---|
| 001 | 47141 | ||
| 003 | |||
| 040 | |||
| 100 | |a Chua, Vincent | ||
| 245 | |a Contextualizing networked individualism: |b the interplay of social categories, role relationships and tasks / |c Vincent Chua | ||
| 773 | |g volumen61, número6, (2013), páginas 602-625 : tablas | ||
| 999 | |c 22332 |d 22332 | ||
